<?xml version="1.0" encoding="UTF-8"?>
<marc:record xmlns:marc="http://www.loc.gov/MARC21/slim">
   <marc:leader>00000nam a2200000 a 4500</marc:leader>
   <marc:datafield ind1="1" ind2=" " tag="100">
      <marc:subfield code="a">Flaig, Torsten</marc:subfield>
      <marc:subfield code="4">aut</marc:subfield>
      <marc:subfield code="e">Verfasser/-in</marc:subfield>
   </marc:datafield>
   <marc:datafield ind1=" " ind2=" " tag="653">
      <marc:subfield code="a">Felsenhöhlen Goris</marc:subfield>
   </marc:datafield>
   <marc:datafield ind1=" " ind2=" " tag="653">
      <marc:subfield code="a">Festung Amberd</marc:subfield>
   </marc:datafield>
   <marc:datafield ind1=" " ind2=" " tag="653">
      <marc:subfield code="a">Kloster Gandsassar</marc:subfield>
   </marc:datafield>
   <marc:datafield ind1=" " ind2=" " tag="653">
      <marc:subfield code="a">Kloster Tatev</marc:subfield>
   </marc:datafield>
   <marc:datafield ind1=" " ind2=" " tag="653">
      <marc:subfield code="a">Schlucht Hunot</marc:subfield>
   </marc:datafield>
   <marc:datafield ind1=" " ind2=" " tag="653">
      <marc:subfield code="a">Tempel Garni</marc:subfield>
   </marc:datafield>
   <marc:datafield ind1=" " ind2=" " tag="653">
      <marc:subfield code="a">armenische genozid museum</marc:subfield>
   </marc:datafield>
   <marc:datafield ind1=" " ind2=" " tag="653">
      <marc:subfield code="a">armenisches meer</marc:subfield>
   </marc:datafield>
   <marc:datafield ind1=" " ind2=" " tag="653">
      <marc:subfield code="a">bester reiseführer armenien</marc:subfield>
   </marc:datafield>
   <marc:datafield ind1=" " ind2=" " tag="653">
      <marc:subfield code="a">empfehlung reiseführer armenien</marc:subfield>
   </marc:datafield>
   <marc:datafield ind1=" " ind2=" " tag="653">
      <marc:subfield code="a">heiliger Berg Ararat</marc:subfield>
   </marc:datafield>
   <marc:datafield ind1=" " ind2=" " tag="653">
      <marc:subfield code="a">individualreiseführer armenien</marc:subfield>
   </marc:datafield>
   <marc:datafield ind1=" " ind2=" " tag="653">
      <marc:subfield code="a">individualreisen armenien</marc:subfield>
   </marc:datafield>
   <marc:datafield ind1=" " ind2=" " tag="653">
      <marc:subfield code="a">karte armenien</marc:subfield>
   </marc:datafield>
   <marc:datafield ind1=" " ind2=" " tag="653">
      <marc:subfield code="a">ratgeber für armenien</marc:subfield>
   </marc:datafield>
   <marc:datafield ind1=" " ind2=" " tag="653">
      <marc:subfield code="a">reiseführer armenien</marc:subfield>
   </marc:datafield>
   <marc:datafield ind1=" " ind2=" " tag="653">
      <marc:subfield code="a">reiseziel ohne massentourismus</marc:subfield>
   </marc:datafield>
   <marc:datafield ind1=" " ind2=" " tag="653">
      <marc:subfield code="a">rundreise armenien</marc:subfield>
   </marc:datafield>
   <marc:datafield ind1=" " ind2=" " tag="653">
      <marc:subfield code="a">tourismus armenien</marc:subfield>
   </marc:datafield>
   <marc:datafield ind1=" " ind2=" " tag="653">
      <marc:subfield code="a">völkermord an den armeniern</marc:subfield>
   </marc:datafield>
   <marc:datafield ind1=" " ind2=" " tag="653">
      <marc:subfield code="a">wo gibt es keinen massentourismus</marc:subfield>
   </marc:datafield>
   <marc:datafield ind1=" " ind2=" " tag="653">
      <marc:subfield code="a">Softcover / Reisen/Reiseführer/Asien</marc:subfield>
   </marc:datafield>
   <marc:datafield ind1="0" ind2="0" tag="245">
      <marc:subfield code="a">Armenien</marc:subfield>
   </marc:datafield>
   <marc:datafield ind1="0" ind2="0" tag="245">
      <marc:subfield code="c">Torsten Flaig</marc:subfield>
   </marc:datafield>
   <marc:datafield ind1=" " ind2="1" tag="264">
      <marc:subfield code="a">Ostfildern</marc:subfield>
      <marc:subfield code="b">DuMont Reiseverlag</marc:subfield>
      <marc:subfield code="c">2020</marc:subfield>
   </marc:datafield>
   <marc:datafield ind1="1" ind2=" " tag="490">
      <marc:subfield code="a">DuMont Reise-Handbuch</marc:subfield>
   </marc:datafield>
   <marc:datafield ind1=" " ind2=" " tag="250">
      <marc:subfield code="a">2., aktualisierte Auflage</marc:subfield>
   </marc:datafield>
   <marc:datafield ind1="1" ind2=" " tag="520">
      <marc:subfield code="a">Angaben aus der Verlagsmeldung

DuMont Reise-Handbuch Reiseführer Armenien : mit Extra-Reisekarte / von Torsten Flaig

Noch ist Armenien als Reiseziel wenig bekannt. Dabei gibt es in dem kleinen, aber doch so geschichtsträchtigen Land an der äußersten Flanke Europas, dort wo der alte Kontinent auf den Orient stößt, unendlich viel zu entdecken: Armenien ist zum einen von geradezu ergreifender Naturschönheit, bekrönt von den verschneiten Gipfeln der Berge Ararat und Aragaz. Vielfältig sind die Landschaftsbilder – steinig und rau die Hochebenen, lieblich und grün, von Blumen übersät die Täler, dunkel und tief die Wälder. Zugleich ist die Kaukasus-Republik ein Land von unfassbarem kulturellem Erbe. Unzählige Klöster und Kirchen zeugen von der frühen christlichen Tradition des Landes, so etwa die UNESCO-geschützten Klosteranlagen Sanahin und Haghpat im Norden, die auch landschaftlich spektakulär gelegenen Klöster Norawank und Tatew im Süden oder die Kathedrale von Etschmiadsin – eine der ersten Kirchen der christlichen Welt! Nicht minder faszinierend ist die Hauptstadt des Landes, Jerewan. Die Millionenstadt ist derzeit im Umbruch, streift ihr sozialistisches Gewand ab und wandelt sich zu einer jungen quirligen Metropole.
Torsten Flaig, der Armenien seit vielen Jahren beruflich und privat bereist, stellt in diesem neuen Reiseführer alle sehenswerten Regionen und Städte des Landes ausführlich vor. Die Doppelseiten »Auf einen Blick« stellen zu jeder Reiseregion die kulturellen und landschaftlichen Highlights, die schönsten Routen, aktive Naturerlebnisse sowie besondere Tipps des Autors vor. Eine auch landschaftlich beeindruckende Zeitreise bietet zum Beispiel eine ganztägige Jeep-Tour zu prähistorischen Felszeichnungen in den kargen Gipfelregionen des Karabach-Plateaus; in die jüngste Vergangenheit führt eine mehrstündige »Soviet City Tour« durch die Metropole Jerewan. Wanderungen erschließen einige der schönsten Landschaften des Landes, so etwa das Achurjan- Tal in der Provinz Schirak oder die spektakuläre Worotan-Schlucht im Süden.
Wissenswertes über Armenien, über die Geschichte und Gegenwart oder den Alltag der Menschen, lässt sich in der Landeskunde wie auch in den eingestreuten Themenseiten nachlesen.
Für eine rasche Orientierung sorgen die detaillierte Extra- Reisekarte im Maßstab 1:500.000, eine Übersichtskarte mit den Highlights sowie 31 Citypläne, Wander- und Routenkarten.

Zu jeder Region »Auf einen Blick« die Highlights, die schönsten Routen, aktive Naturerlebnisse und besondere Tipps des AutorsOrt für Ort ausgewählte, mit einem Schlagwort bewertete, kommentierte Adressen mit PreisangabenCitypläne mit genauem Eintrag aller Adressen und eine separate Extra-Reisekarte mit enger Vernetzung zum TextWanderungen und andere Aktivtouren mit DetailkartenAusführliche Landeskunde und aktuelle Themen aus Wirtschaft, Politik, Gesellschaft und Alltag
</marc:subfield>
   </marc:datafield>
   <marc:datafield ind1=" " ind2=" " tag="020">
      <marc:subfield code="a">9783770181810</marc:subfield>
      <marc:subfield code="9">9783770181810</marc:subfield>
   </marc:datafield>
   <marc:datafield ind1=" " ind2=" " tag="020">
      <marc:subfield code="a">3770181816</marc:subfield>
      <marc:subfield code="9">3770181816</marc:subfield>
   </marc:datafield>
   <marc:datafield ind1=" " ind2=" " tag="041">
      <marc:subfield code="a">ger</marc:subfield>
   </marc:datafield>
   <marc:datafield ind1=" " ind2=" " tag="300">
      <marc:subfield code="a">464 Seiten</marc:subfield>
   </marc:datafield>
</marc:record>
